| 000 | 01324nam2a2200313 4500 | ||
|---|---|---|---|
| 001 | RU\NLR\BIBL_A\022500790 | ||
| 005 | 20250831000516.0 | ||
| 035 | _a(NLR Aleph) 022500790 | ||
| 090 |
_a88771 _c88771 |
||
| 100 | _a20250831 rusy50 | ||
| 101 | 0 | _arus | |
| 102 | _aRU | ||
| 135 | _acrcn 024anaba | ||
| 200 | 0 | _a1894, № 247 (17 нояб.) | |
| 210 | _d1894 | ||
| 325 | 1 | _aКопия доступна в электронной библиотеке РНБ | |
| 461 | 0 |
_1001RU\NLR\DRGNLR\435 _12001#$aВедомости Одесского градоначальства$fРед. Б.И.Садовский$v1894, № 247 (17 нояб.) |
|
| 852 |
_aNLR _j1-Р/2-Од-2 |
||
| 856 | 0 | _uhttps://vivaldi.nlr.ru/pn000361169/view | |
| 856 | 1 | _uhttps://vivaldi.nlr.ru/pn000361169/cover | |
| 856 | 2 | _uhttps://vivaldi.nlr.ru/pn000361169/text | |
| 901 | _eГазеты | ||
| 942 | _cISSNP | ||
| 945 |
_aРоссийская национальная библиотека _aНациональная библиотека Армении |
||
| 980 | _aNB | ||
| 980 | _aBV | ||
| 981 | 2 | 7 |
_a(27) Периодические издания _b(27) Газеты |